000 01187njm a22003137a 4500
005 20100917113539.0
006 a|||||r|||||00| 0
007 sd ammalaaahaa
008 100910t xxu||||| |||| 00| 0 eng d
028 _a45 NLP. 1153
_bHis Masters's Voice
035 _aGR-03173
040 _aSED/VEN
100 _91184
_aYesudas
245 _aSide-1 Chand jaise mukhade pe-" sawan ko aane do" /
_cby Yesudas ; music Rajkamal ; lyric P. Pankaj
246 _a चाँद जैसे मुखड़े पे- "सावन को आने दो" (येसुदास)
260 _aDum Dum, India
_bHis Master's Voice
_c1980
300 _a1 sound disc : [Gramophone Record]
_banalog, 331/3 rpm
_c12 in. (LP)
_fGramophone Records
500 _aBrief record.
500 _aHis Master's Voice
500 _aOrange
505 _aSide-2 Madhuban khushboo deta hai-"saajan bina suhagan"
650 _xExcerpts
_zIndia
_919370
_aClassical Music
_vHindi Film Song
700 _919371
_aRajkamal
700 _919937
_aP. Pankaj
700 _919372
700 _919676
942 _2ddc
_cGR
999 _c46402
_d46402